| 000 | 01151nam0a22002771 4500 | ||
|---|---|---|---|
| 001 | RU\INFOCOMM_327\NLR\5000072753 | ||
| 005 | 20250614080400.0 | ||
| 035 | _a(NLR Aleph) 010599092 | ||
| 090 |
_a10530586 _c10530586 |
||
| 100 | _a20130322d1910 |||y0rusy50 ca | ||
| 101 | 0 | _ager | |
| 102 | _aRU | ||
| 105 | _ay z|||| | ||
| 200 | 1 |
_aBeiträge zur Coleopteren-Fauna des äussersten Nordens von Sibirien _fVon B. Poppius, Ph. Zaitaev und G. Jacobson |
|
| 210 |
_aСпб. _d1910 |
||
| 215 |
_a[4], 68 с.; 1 л. ил. _cил. _d32 см |
||
| 225 | 1 |
_aЗаписки Академии наук по Физико-математическому отделению _vТ. 18, N 9 _iНаучные результаты Русской полярной экспедиции 1900-1903 гг., под начальством барона Э. В. Толля _hОтд. Е _iЗоология _vТ. 1, Вып. 9 |
|
| 620 | _aСанкт-Петербург | ||
| 700 | 1 |
_aPoppius _bB. _gBertil |
|
| 701 | 1 |
_aZaitaev _bPh. |
|
| 701 | 1 |
_aJacobson _bG. |
|
| 801 | 1 |
_aRU _bInfocomm _c20130322 |
|
| 801 | 0 |
_aRU _bINFOCOMM _gPSBO |
|
| 852 |
_aNLR _j1/450Н |
||
| 942 | _cBOOK | ||
| 980 | _aNB | ||